000 00911nam a2200193Ia 4500
999 _c38113
_d38113
001 4101
003 GE_BSU
005 20190925112238.0
008 181216s1979||||ge |||||||||||||| ||geo||
040 _cGE_BSU
041 _ageo
080 _a398(479.22) ქ–27
245 _aქართული ხალხური პოეზია :
_bაჭარა, გურია, სამცხე /
_cშეკრიბა, გამოსაცემად მოამზადა და შენიშვნები დაურთო იური სიხარულიძემ; რედ.: ალ. მსხალაძე.
264 _aბათუმი :
_bსაბჭ. აჭარა,
_c1974.
300 _a86 გვ. ;
_b20 სმ.
653 _aხალხური პოეზია
700 _aმსხალაძე, ალ.
_eრედაქტორი
_94308
942 _cBK
_2udc